000 01092pam a2200301 a 4500
001 4925677
005 20241031181430.0
008 950531s1995 miua b 001 0 eng
020 _a0472096109 (alk. paper)
020 _a9780472066100 (pbk. : alk. paper)
050 0 0 _aHQ1236
_b.G462 1995
082 0 0 _a305.3
_220
245 0 0 _aGender power, leadership, and governance /
_cedited by Georgia Duerst-Lahti and Rita Mae Kelly.
260 _aAnn Arbor :
_bUniversity of Michigan Press,
_c1995.
300 _aviii, 305 p. :
_bill. , Index;
_c23 cm.
650 0 _aWomen
_xPolitical activity.
650 0 _aWomen
_xPolitical activity
_zUnited States.
650 0 _aSexism.
650 0 _aSexism
_zUnited States.
650 0 _aPower (Social sciences)
650 0 _aPower (Social sciences)
_zUnited States.
650 0 _aPolitical leadership.
650 0 _aPolitical leadership
_zUnited States.
700 2 _aDuerst-Lahti, Georgia,
_d1955-
700 1 _aKelly, Rita Mae.
856 4 2 _3Publisher description
_uhttp://www.loc.gov/catdir/description/umich051/95030132.html
942 _2lcc
_cBK
_n0
999 _c495
_d495